Babi Yar (Record no. 189818)

MARC details
000 -LEADER
campo de control de longitud fija 00707nam a2200205 i 4500
001 - NÚMERO DE CONTROL
campo de control 189818
003 - IDENTIFICADOR DE NÚMERO DE CONTROL
campo de control ES-MaACL
005 - FECHA Y HORA DE LA ÚLTIMA TRANSACCIÓN
campo de control 20230906223549.0
008 - DATOS DE LONGITUD FIJA--INFORMACIÓN GENERAL
campo de control de longitud fija 191128s1967 sp |||| | spa d
100 1# - ENTRADA PRINCIPAL--NOMBRE DE PERSONA
Nombre de persona Kuznetsov, Anatoliï Vasil'evich.
9 (RLIN) 168931
245 10 - MENCIÓN DEL TÍTULO
Título Babi Yar
Resto del título : el vértigo del terror /
Mención de responsabilidad, etc. [por] Anatoly Kuznetsov ; [traducción María R. Sanagustín].
260 ## - PUBLICACIÓN, DISTRIBUCIÓN, ETC.
Lugar de publicación, distribución, etc. Barcelona :
Nombre del editor, distribuidor, etc. Dima,
Fecha de publicación, distribución, etc. 1967.
300 ## - DESCRIPCIÓN FÍSICA
Extensión 214 p. ;
Dimensiones 23 cm.
490 1# - MENCIÓN DE SERIE
Mención de serie Colección "Nuestros días" ;
Designación de volumen o secuencia 9
650 ## - PUNTO DE ACCESO ADICIONAL DE MATERIA--TÉRMINO DE MATERIA
Término de materia o nombre geográfico como elemento de entrada Masacre de Babi Yar, 1941.
9 (RLIN) 168933
700 1# - ENTRADA AGREGADA--NOMBRE PERSONAL
Nombre de persona Sanagustín, María Rosario.
9 (RLIN) 102323
830 0# - PUNTO DE ACCESO ADICIONAL DE SERIE-TÍTULO UNIFORME
Título uniforme Colección "Nuestros días" ;
Designación de volumen o secuencia 9
9 (RLIN) 193408
852 ## - LOCALIZACIÓN
Ubicación ES-MaACL
Número de control de estantería P-1091-9
Holdings
Estatus retirado Estado de pérdida Estado de daño No para préstamo Biblioteca de origen Biblioteca actual Ubicación en estantería Fecha de adquisición Fuente de adquisición Total de préstamos Signatura topográfica completa Código de barras Visto por última vez Precio de reemplazo Tipo de ítem Koha
        Biblioteca del Ateneo de Madrid Biblioteca del Ateneo de Madrid Depósito 2 28/11/2019     P-1091-9 1201330 23/02/2023 23/02/2023 Libro impreso